| 000 | 00873cac a2200241 4500 | ||
|---|---|---|---|
| 008 | 090112t20002000sp 000 0 spa u | ||
| 020 | _a8432310522 | ||
| 035 | _aa477534 | ||
| 050 | 0 | 4 |
_aHM728 _bC43 2000 |
| 100 | 1 | _aCharle, Christophe | |
| 245 | 1 | 4 |
_aLos Intelectuales en el siglo XIX : _bprecursores del pensamiento moderno / _cChristophe Charle ; pról. Juan Pablo Fusi. |
| 250 | _a1a ed. | ||
| 260 |
_aMadrid, España : _bSiglo veintiuno, _cc2000 |
||
| 300 |
_axxvii, 243 ; _v23 cm. |
||
| 440 | 0 | _aHistorias de europa | |
| 500 | _aTraducción de: Vordenker der Moderne | ||
| 504 | _aIncluye apéndice, bibliografía e índice | ||
| 650 | 7 |
_aIntelectuales _zEuropa _ySiglo XIX _2lemb |
|
| 651 | 7 |
_aEuropa _xVida intelectual _ySiglo XIX _2lemb |
|
| 700 | 1 | _aFusi Aizpurúa, Juan Pablo, pról. | |
| 700 | 1 | _aMartín Ramírez, Carlos, tr. | |
| 942 |
_2lcc _cLIB |
||
| 999 |
_c67616 _d67616 |
||